000 00656nam a2200181Ia 4500
008 100921s9999 xx 000 0 und d
082 _b19060
_a891.463 थ 84
100 _aहरकारे अरूण.
245 _aकाळं मन सुंदर चेहरा.
260 _bदिलिपराज प्रकाशन,पुणे.
_c1984
300 _a225
_b---
365 _b32
520 _aललित-कादंबरी.
630 _aकाळं मन सुंदर चेहरा.
650 _aललित-कादंबरी.
730 _aकाळं मन सुंदर चेहरा.
942 _cBOOK
999 _c768173
_d768170